Evaluación económica de la educación media en Chile
Guardat en:
| Autor principal: | |
|---|---|
| Format: | Llibre |
| Idioma: | espanyol |
| Publicat: |
Santiago
Universidad de Santiago de Chile
1993
|
| Matèries: | |
| Etiquetes: |
Afegir etiqueta
Sense etiquetes, Sigues el primer a etiquetar aquest registre!
|
MARC
| LEADER | 00000nam a2200000 a 4500 | ||
|---|---|---|---|
| 001 | UCX9725 | ||
| 003 | CL-VaPUC | ||
| 008 | 940622e19930000CL |||||||||||||||||spa|d | ||
| 082 | 0 | 4 | |a 373.113 |b SAL |2 21 |
| 100 | 0 | |a Salas Opazo, Víctor |e author |9 327193 | |
| 245 | 1 | 0 | |a Evaluación económica de la educación media en Chile |
| 300 | |a 118 p | ||
| 942 | |c BK | ||
| 945 | |d 19940622 00:00:00 |a rbrito | ||
| 260 | |a Santiago |b Universidad de Santiago de Chile |c 1993 | ||
| 650 | 7 | |a EDUCACION MEDIA ASPECTOS ECONOMICOS |2 CL-VaPUC |9 327194 | |
| 651 | 7 | |a CHILE |2 CL-VaPUC |9 327195 | |
| 583 | |a last modification |c 19940622 00:00:00 |k Rodrigo Vera | ||
| 999 | |c 228886 |d 228884 | ||
| 952 | |0 0 |1 0 |4 0 |6 373_113000000000000_SAL_1993 |7 0 |8 P |9 229370 |a BIBEDU |b BIBEDU |c BIBEDU_PB |d 2019-11-15 |i 2985845 |o 373.113 SAL 1993 |p 2985845 |r 2024-01-25 |w 2019-11-15 |y BK |k EDU | ||